01492 2200277 4500001002100000005001500021035002000036007000300056008004100059020002200100082001100122084001700133100002700150245008200177250004100259300004500300700003400345336002100379337003000400338002300430264003100453650001800484650002100502520067400523990001701197INLIS00000000150482920260619032033 a0010-0626000024ta260619 g 0 ind  a978-602-7825-52-9 a338.04 a338.04 IRH k0 aIrham FahmiePengarang1 aKewirausahaan :bTeori, Kasus, dan Solusi /cIrham Fahmi ; penyunting, Asakir aCetakan keempat, 2021 (Edisi Revisi) axii, 388 halaman. :bilustrasi ;c24 cm.0 aAsakir, S.E., M.MePenyunting 2rdacontentateks 2rdamediaatanpa perantara 2rdacarrieravolume aBandung :bAlfabeta,c2021 4akewirausahaan 4aenterpreneurship aBuku ini menyajikan pendekatan pembelajaran kewirausahaan yang komprehensif. Tidak hanya berfokus pada teori dasar, penulis juga menekankan pada pemecahan masalah bisnis yang sering dihadapi oleh para pelaku usaha. Di dalamnya, pembaca akan mempelajari:Konsep Dasar Kewirausahaan: Pembahasan mengenai mentalitas, kreativitas, dan inovasi yang wajib dimiliki oleh seorang entrepreneur.Studi Kasus Bisnis: Berbagai contoh kendala nyata dalam dunia usaha, mulai dari masalah manajemen, keuangan, hingga strategi pemasaran.Aplikasi Solusi: Panduan taktis dan metodologi pemecahan masalah (solusi) yang berbasis pada analisis manajemen risiko dan keputusan bisnis yang tepat a2022/HD/0482